Statistiken für Volkswirtschaften mit dem größten BNP pro km2

Klicken Sie hier um das Quiz zu spielen!

Allgemein

  • Dieses Quiz wurde 77 mal gespielt
  • Das Durchschnittsergebnis liegt bei 12 aus 15

Antwortstatistiken

BNP in Millionen pro km2Antwort% Korrekt
10.6Deutschland
99%
17.1Schweiz
93%
13.0Japan
91%
4.6Frankreich
90%
6.1Italien
90%
15.8Südkorea
90%
21.2Niederlande
88%
5.2Österreich
87%
16.4Belgien
85%
5.7Irland
82%
10.8Vereinigtes Königreich
82%
7.8Dänemark
78%
4.2Vereinigte arabische Emirate
62%
17.5Taiwan
46%
18.5Israel
44%

Verteilung der Resultate

Perzentil nach korrekt beantworteten Fragen

Anzahl Personen mit jedem Resultat

Ihre Resultats-Entwicklung

Sie haben dieses Quiz noch nicht gespielt